00310nam a2200121Ia 4500008004100000041000800041082001700049100002100066245002600087260003500113300003300148365000700181240624s9999 xx 000 0 und d aeng a332.6327 NEW aFREDMAN ALBERT J aHOW MUTUAL FUNDS WORK c1997aNew DelhibPrentice-Hall axviii, : 334 : p. : cm. ; 23 cRS